Ο τελευταίος των Μοϊκανών
Αποθηκεύτηκε σε:
| Κύριος συγγραφέας: | |
|---|---|
| Άλλοι συγγραφείς: | |
| Μορφή: | Βιβλίο |
| Γλώσσα: | Greek English |
| Δημοσίευση: |
Αθήναι :
Παπαδημητρίου,
[c1951]
|
| Σειρά: | 100 Αθάνατα Έργα ;
; 55 |
| Θέματα: | |
| Ετικέτες: |
Προσθήκη ετικέτας
Δεν υπάρχουν, Καταχωρήστε ετικέτα πρώτοι!
|
MARC
| LEADER | 00000cam a2200000 i 4500 | ||
|---|---|---|---|
| 001 | 1/95968 | ||
| 008 | 081023s1951 gre d | ||
| 035 | |l 10101119 | ||
| 040 | |a GR-MY-UA |b gre |e aacr | ||
| 041 | 1 | |a gre |h eng | |
| 082 | 0 | |a 813.2 |2 (22) | |
| 100 | 1 | |a Cooper, James Fenimore, |d 1789-1851. | |
| 245 | 1 | 2 | |a Ο τελευταίος των Μοϊκανών / |c James Fenimore Cooper ; πρόλογος, μετάφραση Άρη Δικταίου |
| 260 | |a Αθήναι : |b Παπαδημητρίου, |c [c1951] | ||
| 300 | |a 300 σ.; |c 21 εκ. | ||
| 490 | 1 | |a 100 αθάνατα έργα |v ; 55 | |
| 650 | 0 | 0 | |a American fiction |y 19th century. |
| 650 | 0 | 0 | |a American literature |y 19th century. |
| 650 | 0 | 0 | |a American fiction |x Translations into Greek. |
| 700 | 1 | |a Δικταίος, Άρης, |d 1919-1983. |4 trl |4 aui | |
| 830 | 0 | |a 100 Αθάνατα Έργα ; |v ; 55 | |
| 852 | |a INST |b RHODES |c AKA |e 20081023 |h 813.2 COO |p 005400031235 |q 005400031235 |t BK |y 0 | ||
| 901 | |a BIBL4-2008-3 | ||
| 909 | |a Ρ |b 153488 | ||
| 970 | |a ΧΑΡΙΟΠΟΛΙΤΟΥ |b ΚΩΝΣΤΑΝΤΙΝΑ |z 2008/10/23 | ||